Normal view
MARC view
Entry Topical Term
001 - CONTROL NUMBER
- control field: 26999
003 - CONTROL NUMBER IDENTIFIER
- control field: OSt
005 - DATE AND TIME OF LATEST TRANSACTION
- control field: 20210824154306.0
008 - FIXED-LENGTH DATA ELEMENTS
- fixed length control field: 210824|| aca||aabn | a|a d
040 ## - CATALOGING SOURCE
- Original cataloging agency: OSt
- Transcribing agency: OSt
150 ## - HEADING--TOPICAL TERM
- Topical term or geographic name entry element: GST, Political consensus, Constitution amendment bill, Politics, Economic reforms
670 ## - SOURCE DATA FOUND
- Source citation: Work cat.: (OSt): Srivastava, Vinay K. 26998, Reforms 2.0 viz-a-viz political consensus
